Normal view
MARC view
Entry Personal Name
001 - CONTROL NUMBER
- control field: 33358
003 - CONTROL NUMBER IDENTIFIER
- control field: dpl
005 - DATE AND TIME OF LATEST TRANSACTION
- control field: 20110823125221.0
008 - FIXED-LENGTH DATA ELEMENTS
- fixed length control field: 110823|||a|||||| | ||| d
040 ## - CATALOGING SOURCE
- Original cataloging agency: dpl
- Transcribing agency: dpl
100 ## - HEADING--PERSONAL NAME
- Personal name: Chandrachur Singh
670 ## - SOURCE DATA FOUND
- Source citation: Work cat.: (dpl): Maruti mera dosst, p2009
670 ## - SOURCE DATA FOUND
- Source citation: Work cat.: (dpl): Maruti mera dosst, p2009
